000 00817nam a2200205 u 4500
001 000258123
003 AM-YeHGA
005 20250618071729.0
008 030729s1956 ai r 000 0 arm d
040 _aAM-YeHGA
100 1 _aԿոնոնով, Ա.
245 1 0 _aՊատմվածքներ Չապաևի մասին /
_cԱ. Կոնոնով; Թարգմ.՝ Հ. Դանիելյան; Խմբ.՝ Շ. Թաթիկյան; Նկ.՝ Ի. Գոդին.
260 _aԵրևան :
_bՀայպետհրատ,
_c1956.
300 _a52 էջ :
_bնկ. ;
_c22 սմ.
650 1 4 _aՌուս գրականություն
_xՊատմվածք
_94645
700 1 _aԴանիելյան, Հ.
_eթարգմ.
_4trl
700 1 _aԹաթիկյան, Շահեն Ստեփանի,
_d1924-1992
_eխմբ.
_4edt
_91127
700 1 _aԳոդին, Ի.
_eնկ.
_4art
090 _c94330
999 _c93031
_d93031